000 00648nam a2200241Ia 4500
003 OSt
005 20221005074158.0
006 a|||||r|||| 00| 0
007 ta
008 221004b |||||||| |||| 00| 0 eng d
024 _a22071
037 _cTextual
040 _aCRL
_cCRL
_beng
041 _2eng
_aeng
082 _aY:45221wNMA, M5
100 _aMukherjee Kalyan
245 0 _aMalkhan
_b The story of a bandit king
260 _aNew Delhi
_bLancer International India
_c1985
300 _a363p.
_ccm.
650 _aSOCIOLOGY
942 _hY:45221wNMA, M5
_cTEXL
_2cc
999 _c982295
_d982295